| 000 | 00710nam a22002177a 4500 | ||
|---|---|---|---|
| 999 |
_c8636 _d8636 |
||
| 001 | 8636 | ||
| 003 | BD-JhCC | ||
| 005 | 20180228164404.0 | ||
| 008 | 180228b1998 bg ||||| |||| 00| 0 ben d | ||
| 035 | _a(BD-JhCC)8636 | ||
| 040 |
_aBD-JhCC _dBD-JhCC |
||
| 041 | _aben | ||
| 082 |
_a574.8 _b1998 |
||
| 100 | _aপাশা, ড. মোস্তফা কামাল | ||
| 245 |
_aআণবিক জীববিজ্ঞান (দ্বিতীয় খন্ড) / _cড. মোস্তফা কামাল পাশা |
||
| 260 |
_aঢাকাঃ _bবাংলা একাডেমী _c1998. |
||
| 300 |
_a320 p. : _c23 cm. |
||
| 650 | _aMolecular Biology | ||
| 942 |
_2ddc _cBK |
||